[Event "NED-ch U15"]
[Site "Venlo"]
[Date "2009.04.28"]
[Round "5"]
[White "Ocelik, Vaclav"]
[Black "Beukema, Stefan"]
[Result "1/2-1/2"]
[WhiteElo "1788"]
[BlackElo "1978"]
[PlyCount "136"]
[EventDate "2009.04.24"]
[EventType "swiss"]
[EventRounds "9"]
[EventCountry "NED"]
[SourceTitle "EXT 2013"]
[Source "ChessBase"]
[SourceDate "2012.11.22"]
[SourceVersion "1"]
[SourceVersionDate "2012.11.22"]
[SourceQuality "1"]

1. e4 e5 2. Nf3 Nc6 3. d4 exd4 4. Nxd4 Nf6 5. Nxc6 bxc6 6. Bd3 d5 7. exd5 cxd5 8. 0-0 Be7 9. c4 d4 10. Bf4 0-0 11. Nd2 Bb7 12. Re1 c5 13. Ne4 Nxe4 14. Bxe4 Bxe4 15. Rxe4 Bd6 16. Bxd6 Qxd6 17. b4 Rfd8 18. bxc5 Qxc5 19. Qd3 Rac8 20. Rc1 f5 21. Rf4 g6 22. h4 Rc7 23. g3 Re7 24. Rd1 Red7 25. Kh2 Qa5 26. Qb3 Qc5 27. Qd3 Kg7 28. h5 Qc6 29. hxg6 hxg6 30. Rh4 Rh8 31. Rxh8 Kxh8 32. f3 Kg7 33. Kg2 Qc5 34. Rd2 Kf6 35. Kf1 Qe5 36. Kg2 Qc5 37. Kf1 g5 38. Kg2 a6 39. g4 Rd8 40. Re2 Rh8 41. gxf5 Rh4 42. Re4 Rxe4 43. fxe4 Qb6 44. Kf3 Ke5 45. Kg4 Qb4 46. Qg3+ Kxe4 47. Qf3+ Ke5 48. Qd5+ Kf6 49. Qxd4+ Kf7 50. Qd7+ Kf8 51. Kxg5 Qxc4 52. Qd6+ Kf7 53. Qf6+ Ke8 54. Qe6+ Qxe6 55. fxe6 Ke7 56. Kf5 a5 57. a4 Ke8 58. Ke5 Ke7 59. Kd5 Ke8 60. Kd6 Kd8 61. Kc6 Ke7 62. Kb5 Kxe6 63. Kxa5 Kd7 64. Kb6 Kc8 65. Ka7 Kc7 66. a5 Kc8 67. a6 Kc7 68. Ka8 Kc8 1/2-1/2

[Event "NED-ch U15"]
[Site "Venlo"]
[Date "2009.04.27"]
[Round "4"]
[White "Haver, Daan"]
[Black "Ocelik, Vaclav"]
[Result "0-1"]
[WhiteElo "1785"]
[BlackElo "1788"]
[PlyCount "106"]
[EventDate "2009.04.24"]
[EventType "swiss"]
[EventRounds "9"]
[EventCountry "NED"]
[SourceTitle "EXT 2013"]
[Source "ChessBase"]
[SourceDate "2012.11.22"]
[SourceVersion "1"]
[SourceVersionDate "2012.11.22"]
[SourceQuality "1"]

1. e4 c5 2. Nc3 e6 3. g3 Nc6 4. Bg2 d6 5. f4 Be7 6. d3 Nf6 7. Nf3 0-0 8. 0-0 Qb6 9. Na4 Qa5 10. b3 b5 11. Bd2 Qc7 12. Nc3 a6 13. a4 bxa4 14. Nxa4 Bd7 15. h3 Rfb8 16. g4 d5 17. e5 Ne8 18. Re1 Nb4 19. Re2 Ra7 20. Kh2 c4 21. d4 cxb3 22. cxb3 Bb5 23. Re3 Qc2 24. Rc3 Qxd1 25. Rxd1 Nd3 26. Kg3 Rab7 27. Bf1 Bb4 28. Rc2 Bxd2 29. Rcxd2 Bxa4 30. bxa4 Nb2 31. Rb1 a5 32. Ra1 Rb4 33. Bb5 Nc7 34. Bd7 Kf8 35. Rc2 Rc4 36. Rxc4 Nxc4 37. f5 Ke7 38. fxe6 fxe6 39. Bc6 Rb6 40. Bb5 Nxb5 41. axb5 Rxb5 42. Rf1 Rb3 43. Kh4 a4 44. Rf2 a3 45. Nd2 Rb2 46. Nxc4 dxc4 47. Rf3 a2 48. Ra3 c3 49. Rxc3 a1Q 50. Rc7+ Kf8 51. Rc8+ Kf7 52. Kh5 Rb7 53. h4 Qxd4 0-1

[Event "Twente Young Master op-D"]
[Site "Twente"]
[Date "2007.08.10"]
[Round "12"]
[White "Ocelik, Vaclav"]
[Black "Pauwels, Bryan"]
[Result "1-0"]
[WhiteElo "1609"]
[BlackElo "1523"]
[PlyCount "64"]
[EventDate "2007.08.06"]
[EventType "swiss"]
[EventRounds "13"]
[EventCountry "NED"]
[SourceTitle "EXT 2008"]
[Source "ChessBase"]
[SourceDate "2007.11.25"]
[SourceVersion "1"]
[SourceVersionDate "2007.11.25"]
[SourceQuality "1"]

1. e4 e5 2. Nf3 Nc6 3. d4 exd4 4. Nxd4 Bc5 5. Be3 Qf6 6. c3 Nge7 7. Be2 0-0 8. 0-0 Bb6 9. f4 d6 10. Na3 Bd7 11. Nc4 Ng6 12. Nxb6 axb6 13. Qd2 Qd8 14. Rf3 Re8 15. Bd3 Rf8 16. Rg3 Nce7 17. f5 Ne5 18. Bh6 N7c6 19. Bxg7 Ng6 20. Bxf8 Kxf8 21. fxg6 hxg6 22. Qh6+ Ke8 23. Qh8+ Ke7 24. Qxd8+ Rxd8 25. Nxc6+ Bxc6 26. Re1 Ra8 27. a3 Re8 28. Rge3 f6 29. e5 dxe5 30. Bxg6 Rg8 31. Be4 Bxe4 32. Rxe4 f5 1-0

[Event "NED-ch U13"]
[Site "Rijswijk"]
[Date "2007.05.19"]
[Round "7"]
[White "Obels, Pepijn"]
[Black "Ocelik, Vaclav"]
[Result "1/2-1/2"]
[WhiteElo "1674"]
[BlackElo "1592"]
[PlyCount "59"]
[EventDate "2007.05.17"]
[EventType "swiss"]
[EventRounds "9"]
[EventCountry "NED"]
[SourceTitle "EXT 2009"]
[Source "ChessBase"]
[SourceDate "2008.11.26"]
[SourceVersion "1"]
[SourceVersionDate "2008.11.26"]
[SourceQuality "1"]

1. e4 e5 2. Nf3 d6 3. d4 exd4 4. Nxd4 Nf6 5. Nc3 Be7 6. Bc4 0-0 7. 0-0 Nc6 8. Be3 Ng4 9. Qf3 Nce5 10. Qe2 Nxe3 11. fxe3 Bg4 12. Nf3 Nxf3+ 13. gxf3 Bh3 14. Rfd1 Bh4 15. Nd5 Qg5+ 16. Kh1 Qd8 17. Rg1 Be6 18. Nf4 Bxc4 19. Qxc4 Bf2 20. Rg4 Bh4 21. Rag1 Bf6 22. Nh5 g6 23. f4 Kh8 24. Nxf6 Qxf6 25. Qd4 Qxd4 26. exd4 Rae8 27. e5 dxe5 28. fxe5 f6 29. exf6 Rxf6 30. c3 1/2-1/2

[Event "NED-ch U13"]
[Site "Rijswijk"]
[Date "2007.05.19"]
[Round "8"]
[White "Ocelik, Vaclav"]
[Black "Cox, Jan"]
[Result "1/2-1/2"]
[WhiteElo "1592"]
[BlackElo "1473"]
[PlyCount "48"]
[EventDate "2007.05.17"]
[EventType "swiss"]
[EventRounds "9"]
[EventCountry "NED"]
[SourceTitle "EXT 2009"]
[Source "ChessBase"]
[SourceDate "2008.11.26"]
[SourceVersion "1"]
[SourceVersionDate "2008.11.26"]
[SourceQuality "1"]

1. e4 e5 2. Nf3 Nc6 3. d4 exd4 4. Nxd4 Nf6 5. Nxc6 bxc6 6. e5 Qe7 7. Qe2 Nd5 8. c4 Ba6 9. Qe4 Nb6 10. Nc3 0-0-0 11. c5 Bxf1 12. cxb6 Bxg2 13. bxa7 Kb7 14. Qxg2 Qxe5+ 15. Be3 Bc5 16. Qe4 Rhe8 17. Qxe5 Rxe5 18. 0-0 Bxe3 19. fxe3 f6 20. Rfe1 Rde8 21. Rad1 d5 22. Rd3 Kxa7 23. Na4 Rg5+ 24. Kh1 Re4 1/2-1/2

[Event "NED-ch U13"]
[Site "Rijswijk"]
[Date "2006.05.27"]
[Round "9"]
[White "Sekandar, Kambiz"]
[Black "Ocelik, Vaclav"]
[Result "1-0"]
[WhiteElo "1452"]
[BlackElo "1333"]
[PlyCount "75"]
[EventDate "2006.05.25"]
[EventType "swiss"]
[EventRounds "9"]
[EventCountry "NED"]
[SourceTitle "EXT 2009"]
[Source "ChessBase"]
[SourceDate "2008.11.26"]
[SourceVersion "1"]
[SourceVersionDate "2008.11.26"]
[SourceQuality "1"]

1. e4 e5 2. Nf3 Nc6 3. d4 exd4 4. Nxd4 Bc5 5. Be3 Qf6 6. c3 Nge7 7. Bc4 0-0 8. 0-0 d6 9. b4 Bxd4 10. Bxd4 Nxd4 11. cxd4 Qg6 12. Nc3 Be6 13. Bd3 a6 14. b5 Qf6 15. Bc2 Bc4 16. bxa6 Bxf1 17. axb7 Rab8 18. Qxf1 Qxd4 19. Nb5 Qc5 20. Qd3 Ng6 21. a4 Rxb7 22. h3 Ne5 23. Qe2 Qc4 24. Qxc4 Nxc4 25. Bd3 Ne5 26. Be2 Rd8 27. a5 Rd7 28. a6 Rb8 29. a7 Ra8 30. f4 Nc6 31. e5 Nb4 32. exd6 c6 33. Nc7 Rad8 34. a8Q Rxd6 35. Qb7 c5 36. Ra8 Nc6 37. Qxc6 h6 38. Qxd6 1-0